01003nam a2200241 a 450000100100000000500170001000800410002702000150006804000250008310000240010824000340013224501500016625000110031626000400032730000210036749000580038859000760044670000430052283000650056504900090063095201050063999900170074400003471120200930073845.0111019s1973 es 000 0 spa d a8420616990 aDO-SdBNPbspacBNPHU1 aPines, Maya.96016810aThe brain changers.linglés14aLos manipuladores del cerebro :blos científicos y el nuevo control de la mente /cMaya Pines ; traductor, Natividad Sánchez Sainz-Trápaga. a3a ed. aMadrid :bAlianza Editorial,c1973. a277 p. ;c19 cm.1 aLibro de bolsilloaSección Ciencia y técnicav699 aPerteneció a la biblioteca personal de Juan Isidro Jimenes Grullón.12aSánchez Sainz, Natividadetr.960169 0aLibro de bolsillopSección Ciencia y técnicav699960170 aBNPD 001050718MOaGRbGRcCTd2011-10-19iLF1l0o p34711-10r2020-06-25w2020-06-25y1ZNo se presta c34202d34202